| 000 | 00816nmc a2200301 a 4500 | ||
|---|---|---|---|
| 003 | AR-BaBNM | ||
| 005 | 20251128202832.0 | ||
| 008 | 036119s1969 ||||||||||||||000 | spa|| | ||
| 040 | _cAR-BaBNM | ||
| 100 | 1 | _aPassafari, Clara | |
| 245 | 1 | 0 | _aFolklore y educación |
| 250 | _a1ª ed. | ||
| 260 |
_aBuenos Aires _bEstrada _c1969 |
||
| 300 | _a115 p. | ||
| 490 | 0 | _aBiblioteca de ciencias de la educación | |
| 504 | _aBibliografía p. 109-115 | ||
| 650 | 4 | _aFOLKLORE | |
| 650 | 4 | _aOBJETIVOS EDUCACIONALES | |
| 650 | 4 | _aCULTURAS TRADICIONALES | |
| 651 | 4 | _aArgentina | |
| 653 | _aEDUCACION PRIMARIA | ||
| 653 | _aEDUCACION SECUNDARIA | ||
| 653 | _aEDUCACION SUPERIOR | ||
| 700 | 1 |
_aCortazar, Augusto Raúl _eprologuista |
|
| 800 | 1 |
_aZanotti, Luis Jorge _edirector |
|
| 942 | _cBK | ||
| 998 | _cCarmen | ||
| 999 |
_c810 _d810 |
||